Freight Rail Transportation : Enhancing Safety, Efficiency, and Commerce.

Bibliographic Details
Corporate Author: United States. Congress. Senate. Committee on Commerce, Science, and Transportation
Format: Government Document eBook
Language:English
Published: Bethesda, Md. : ProQuest, 2015.
Subjects:
Online Access:Electronic resource (PDF)

MARC

Tag First Indicator Second Indicator Subfields
LEADER 00000cam a22000001i 4500
001 in00004126521
005 20200117100632.0
006 m d f
007 cr bn mmmapmmp
008 160425s2015 mdu o f000 0 eng d
035 |a chdc20160314 
040 |a UMI  |b eng  |e rda  |c UMI  |d UtOrBLW 
043 |a n-us--- 
086 0 |a Y 4.C 73/7:S.HRG.114-206 
110 1 |a United States.  |b Congress.  |b Senate.  |b Committee on Commerce, Science, and Transportation.  |0 http://id.loc.gov/authorities/names/n81096151 
245 1 0 |a Freight Rail Transportation :  |b Enhancing Safety, Efficiency, and Commerce. 
264 1 |a Bethesda, Md. :  |b ProQuest,  |c 2015. 
300 |a 75 pages, digital, PDF file 
336 |a text  |2 rdacontent  |b txt 
337 |a computer  |b c  |2 rdamedia 
338 |a online resource  |2 rdacarrier  |b cr 
500 |a Record is based on bibliographic data in ProQuest U.S. Congressional Hearings Digital Collection. Reuse except for individual research requires license from ProQuest, LLC. 
533 |a Electronic reproduction.  |b [Bethesda, Md.] :  |c ProQuest,  |d 2016.  |e digital, PDF file.  |n ProQuest Congressional Hearings Digital Collection.  |n Mode of access: World Wide Web via ProQuest website. 
538 |a System requirements: PDF reader software. 
650 0 |a Railroad trains  |z United States.  |0 http://id.loc.gov/authorities/subjects/sh2010109415 
650 0 |a Freight and freightage  |z United States.  |0 http://id.loc.gov/authorities/subjects/sh2008103638 
650 0 |a Railroads  |x Safety regulations  |z United States.  |0 http://id.loc.gov/authorities/subjects/sh2010109487 
776 0 8 |i Microfiche version:   |a United States. Congress. Senate. Committee on Commerce, Science, and Transportation.  |t Freight Rail Transportation  |o CIS 2016 S261-18  |w cis20160970 
856 4 0 |u http://proxy.library.tamu.edu/login?url=http://search.proquest.com/congcomp/getdoc?HEARING-ID=HRG-2015-CST-0031  |y Electronic resource (PDF)  |z CIS 2016-S261-18  |t 0 
998 |a cis20160970 
999 f f |s 58c75f0b-3fd7-30ac-a070-0f4ea9ddd41b  |i 3455516e-cc3b-3a2a-b965-876feee6d93e  |t 0 
952 f f |a Texas A&M University  |b College Station  |c Electronic Resources  |d Available Online  |t 0  |e Y 4.C 73/7:S.HRG.114-206  |h Superintendent of Documents classification 
998 f f |a Y 4.C 73/7:S.HRG.114-206  |t 0  |l Available Online